Revista de Guadalajara /

Furkejuvvon:
Bibliográfalaš dieđut
Materiálatiipa: Girji
Giella:espánnjágiella
Fáttát:
Fáddágilkorat: Lasit fáddágilkoriid
Eai fáddágilkorat, Lasit vuosttaš fáddágilkora!

MARC

LEADER 00000nam^a2200000^a^4500
001 000136283
005 20250526000000.0
009 20260310095312.035
037 |a Acervo ITESO - Biblioteca 
041 |a ESP 
082 |a 805.  |b GUA 1919 V. 1 T. 9 
240 1 1 |a [Revista de Guadalajara] 
245 0 0 |a Revista de Guadalajara / 
264 |a Guadalajara, México :  |b Revista de Guadalajara,  |c 1919 
300 |a p. 161-180 ;  |c 22.0 cm. 
649 |a XX 
650 |a Literatura -  |x Publicaciones Periódicas Jaliscienses 
650 |a Literatura -  |x Publicaciones Periódicas Mexicanas 
650 |a Mujeres -  |x Condiciones Sociales y Culturales 
650 |a Educación 
650 |a Higiene 
650 |a Piel 
650 |a Cuentos 
910 |a Fondo Salvador Reynoso Reynoso 
920 |a Impresos - Libros 
930 |a Libros Antiguos y Raros 
940 |a Literatura 
905 |a 108 
901 |a 0800013956  |b IT2  |c LRA  |u 20250526 
902 |a https://opac.biblio.iteso.mx/vufind/Record/000136283